| 000 | 00585nam a22001695i 4500 | ||
|---|---|---|---|
| 001 | 166792 | ||
| 003 | ES-MaACL | ||
| 005 | 20230906213413.0 | ||
| 008 | 040720s1889 xxua |||| | eng d | ||
| 040 |
_aCAM _bspa _cCAM |
||
| 110 | 2 |
_aUniversity of Pennsylvania. _9169716 |
|
| 245 | 1 | 0 |
_aHandbook of information concerning the School of Biology / _cUniversity of Pennsylvania. |
| 260 |
_aPhiladelphia : _b[s.n.], _c1889. |
||
| 300 |
_a125 p., [10] h. de lám. ; _c27 cm. |
||
| 599 | _aLas h. de lám. fotografías de la escuela. | ||
| 852 |
_aES-MaACL _jG-7017 _z-- Rust. deteriorada |
||
| 999 |
_c166792 _d166792 |
||